Simpsons Characters by Death Quiz Stats

Quiz not verified by Sporcle

Challenge
Share
Tweet
Embed
Score 0/15 Timer 05:00
0 Plays Today
Last Episode Character % Correct
Alone Again Natura-DiddilyMaude Flanders
95%
Homer's EnemyFrank Grimes
79%
The Itchy & Scratchy & Poochie ShowPoochie
79%
Mona Leaves-aMona Simpson
63%
Round SpringfieldBleeding Gums Murphy
59%
Simpsoncalifragilisticexpiala(Annoyed Grunt)ciousShary Bobbins
49%
Old MoneyBeatrice Simmons
42%
The Blunder YearsWaylon Smithers Sr.
36%
Last Episode Character % Correct
Maximum HomerdriveRed Barclay
26%
I D'oh BotSnowball II
23%
Jazzy and the PussycatsAmber Pai Gao Simpson
13%
Replaceable YouMrs. Glick
10%
The Mansion FamilyCornelius Chapman
8%
Raging Abe Simpson and His Grumbling Grandson in 'The Curse of the Flying Hellfish'Iggy Wiggum Sheldon Skinner Arnie Gumble Etch Westgrin Griff McDonald
8%
The Twisted World of Marge SimpsonFrank Ormand
6%

You're not logged in!

Compare scores with friends on all Sporcle quizzes.
Join for Free
OR
Log In

You Might Also Like...

Show Comments

Extras

Top Quizzes Today


Score Distribution

Your Account Isn't Verified!

In order to create a playlist on Sporcle, you need to verify the email address you used during registration. Go to your Sporcle Settings to finish the process.

Report this User

Report this user for behavior that violates our Community Guidelines.

Details: